00874nam a2200289Ia 4500001000900000003000500009005001700014008004100031010001100072020002200083040000900105082002600114100001900140245010000159250001100259260003400270300001100304500005900315503000700374650004000381650002900421650001400450650003500464650003400499650002700533700002400560dia_5988CHAP20251023154858.0220117s2011 xx 000 0 und d a177153 a978-84-9777-663-9 cCHAP a808.8383 F57 R44 2011 aFisher, Robert aEl regreso del caballero de la armadura oxidada /c Robert Fisher ; traducción Joana Delgado a2a ed. aEspaña :b Obelisco,c2011 a126 p. aTítulo original: The knight in rusty armor . Part II aC. 0aAmerican literaturey20th century  aConduct of lifexFiction aFiction  0aLiteratura americanaySiglo XX aMotivación (Psicología)  aNovela psicológica  aDelgado, Joana, tr.